Państwa hiszpańskojęzyczne - nagła śmierć - Statystyki

Ogólne statystyki
  • Ten quiz został rozwiązany 129 razy
  • Średni wynik to 13 z 22
Answers on the Grid
Answers color-coded by a green-red scale on the quiz's grid according to % correct below.
Andora
Argentyna
Bahamy
Barbados
Belize
Benin
Boliwia
Brazylia
Chile
Kolumbia
Kostaryka
Kuba
Dominikana
Salwador
Gwinea Równikowa
Gabon
Gwatemala
Gujana
Honduras
Malta
Meksyk
Maroko
Nikaragua
Panama
Paragwaj
Peru
Filipiny
Portugalia
Hiszpania
Surinam
Trynidad i Tobago
Stany Zjednoczone
Urugwaj
Wenezuela
Ekwador
 
Statystyki odpowiedzi
Odpowiedź % Poprawnych
Argentyna
89%
Kolumbia
74%
Boliwia
70%
Chile
66%
Ekwador
66%
Hiszpania
64%
Wenezuela
64%
Kostaryka
62%
Gwatemala
60%
Salwador
60%
Kuba
57%
Meksyk
57%
Paragwaj
55%
Urugwaj
55%
Dominikana
53%
Honduras
53%
Nikaragua
53%
Peru
53%
Panama
47%
Andora
45%
Gwinea Równikowa
28%
Belize
19%
Nie znaleziono quizów pasujących do podanych kryteriów
Rozkład punktacji
Procent ludzi z każdym wynikiem
Percentyl według liczby udzielonych odpowiedzi
Twoja historia wyników
Nie rozwiązałeś tego quizu